000 00643nam a22001817a 4500
003 UA-OsUOA
001 10034
007 ta
008 20041218b un ||||| |||| 00| 0 ukr d
100 _aМалета Р.
942 _cSA
040 _aUA-OsUOA
_cUA-OsUOA
_dUA-OsUOA
245 _aРаніше в нашій області було 30 районів, а ще раніше - 5 повітів
_b[4 груд. виповнилося 65 років з дня утворення Рівнен. обл.]
300 _aС.4
955 _a0
773 0 _w0
_tВільне слово
_dРівне
_d2004
_g№93/8 груд./
650 7 _aІсторія
_2UDC
999 _c296195
_d296195